[Event "Staufer op 32nd"]
[Site "Schwaebisch Gmuend"]
[Date "2020.01.02"]
[Round "1"]
[White "Gschnitzer, Adrian"]
[Black "Kuipers, Dustin"]
[Result "1/2-1/2"]
[WhiteElo "2388"]
[BlackElo "2164"]
[PlyCount "64"]
[EventDate "2020.01.02"]
[EventType "swiss"]
[EventRounds "9"]
[EventCountry "GER"]
[SourceTitle "CBM 194 Extra"]
[Source "ChessBase"]
[SourceDate "2020.03.31"]
[SourceVersion "1"]
[SourceVersionDate "2020.03.31"]
[SourceQuality "1"]

1. e4 c6 2. d4 d5 3. e5 Bf5 4. Nf3 e6 5. Be2 Bg6 6. 0-0 Nh6 7. Re1 Be7 8. Bxh6 gxh6 9. b3 0-0 10. Qd2 Kg7 11. c4 a5 12. Nc3 Nd7 13. Bd3 Ba3 14. Re3 b6 15. Ne2 Qe7 16. Nf4 a4 17. h4 axb3 18. axb3 Bb4 19. Qc1 h5 20. Kh2 c5 21. Rxa8 Rxa8 22. cxd5 cxd4 23. Nxd4 Qxh4+ 24. Rh3 Qxf2 25. Nxh5+ Kh8 26. Bxg6 Nxe5 27. Bb1 Ng4+ 28. Kh1 Qxd4 29. Qc2 Nf2+ 30. Kh2 Ng4+ 31. Kh1 Nf2+ 32. Kh2 Ng4+ 1/2-1/2

[Event "Staufer op 31st"]
[Site "Schwaebisch Gmuend"]
[Date "2019.01.06"]
[Round "9"]
[White "Kersten, Uwe"]
[Black "Kuipers, Dustin"]
[Result "0-1"]
[WhiteElo "2233"]
[BlackElo "2095"]
[PlyCount "124"]
[EventDate "2019.01.02"]
[EventType "swiss"]
[EventRounds "9"]
[EventCountry "GER"]
[SourceTitle "CBM 188 Extra"]
[Source "ChessBase"]
[SourceDate "2019.02.26"]
[SourceVersion "1"]
[SourceVersionDate "2019.02.26"]
[SourceQuality "1"]

1. d4 d5 2. Bf4 c5 3. e3 Nc6 4. c3 Nf6 5. Nd2 e6 6. Ngf3 cxd4 7. cxd4 Be7 8. h3 Bd6 9. Bxd6 Qxd6 10. Bb5 Bd7 11. a3 0-0 12. 0-0 Rfc8 13. Qe2 Rc7 14. Nb3 Ne4 15. Bd3 f5 16. Rfc1 Rac8 17. Rc2 Be8 18. Nfd2 Ne7 19. Rxc7 Rxc7 20. f3 Nxd2 21. Qxd2 b6 22. Rc1 Ba4 23. Rxc7 Qxc7 24. Nc1 Nc8 25. Ne2 Nd6 26. Qb4 Bd7 27. a4 Kf7 28. Kf2 a5 29. Qb3 Nc4 30. Qc3 Qc6 31. b3 Nd6 32. Qxc6 Bxc6 33. Nc3 Kf6 34. g4 g5 35. f4 h6 36. Kg3 Be8 37. h4 gxh4+ 38. Kxh4 fxg4 39. Kxg4 Bg6 40. Bxg6 Kxg6 41. Kf3 Kf5 42. Na2 Ne4 43. b4 axb4 44. Nxb4 Nc3 45. Nc6 Nxa4 46. Ne7+ Kf6 47. Ng8+ Kg7 48. Ne7 Kf7 49. Nc8 Kf6 50. e4 dxe4+ 51. Kxe4 Nc3+ 52. Kd3 Nd5 53. Ke4 b5 54. Nd6 b4 55. f5 Nc3+ 56. Kd3 exf5 57. Kc4 Ne4 58. Nb5 h5 59. d5 h4 60. Nd4 h3 61. Nf3 Nd2+ 62. Nxd2 h2 0-1

[Event "Staufer op 31st"]
[Site "Schwaebisch Gmuend"]
[Date "2019.01.02"]
[Round "1"]
[White "Spitzl, Vinzent"]
[Black "Kuipers, Dustin"]
[Result "1-0"]
[WhiteElo "2277"]
[BlackElo "2095"]
[PlyCount "87"]
[EventDate "2019.01.02"]
[EventType "swiss"]
[EventRounds "9"]
[EventCountry "GER"]
[SourceTitle "CBM 188 Extra"]
[Source "ChessBase"]
[SourceDate "2019.02.26"]
[SourceVersion "1"]
[SourceVersionDate "2019.02.26"]
[SourceQuality "1"]

1. e4 c6 2. d4 d5 3. Nd2 dxe4 4. Nxe4 Nf6 5. Nxf6+ gxf6 6. c3 h5 7. h4 Bf5 8. Bd3 Qd5 9. Bxf5 Qxf5 10. Qf3 Qxf3 11. Nxf3 Rg8 12. Bf4 Nd7 13. 0-0 Nb6 14. Rac1 Nd5 15. Bd2 e6 16. c4 Ne7 17. Rfe1 0-0-0 18. Bc3 Bh6 19. Rc2 Nf5 20. g3 Rg4 21. b3 Rdg8 22. Kf1 Rd8 23. Ba1 Kb8 24. Rce2 Rdg8 25. Rd1 Rd8 26. Ke1 Kc7 27. Bc3 Rd7 28. d5 cxd5 29. Bxf6 Re4 30. Ne5 Rxe5 31. Bxe5+ Kb6 32. cxd5 exd5 33. Bd4+ Nxd4 34. Rxd4 Bg7 35. Rd3 Kc5 36. Rc2+ Kd6 37. Ke2 Re7+ 38. Kf3 d4 39. Rc8 Kd5 40. Rd2 Bf6 41. Rd8+ Kc5 42. a3 a5 43. Rc2+ Kb6 44. Rd6+ 1-0

[Event "Ruhrgebiet Verbandsliga Gruppe 2 1718"]
[Site "Germany"]
[Date "2018.01.14"]
[Round "5.5"]
[White "Holtkamp, Matthias"]
[Black "Kuipers, Dustin"]
[Result "0-1"]
[WhiteElo "1943"]
[BlackElo "2039"]
[PlyCount "108"]
[EventDate "2017.09.17"]
[EventType "team-tourn"]
[EventRounds "9"]
[EventCountry "GER"]
[SourceTitle "EXT 2022"]
[Source "ChessBase"]
[SourceDate "2021.10.06"]
[SourceVersion "1"]
[SourceVersionDate "2021.10.06"]
[SourceQuality "1"]
[WhiteTeam "Gladbeck SG"]
[BlackTeam "Muelheim Nord III"]
[WhiteTeamCountry "GER"]
[BlackTeamCountry "GER"]

1. d4 d5 2. c4 c6 3. Nf3 Nf6 4. Nc3 a6 5. cxd5 cxd5 6. e3 Nc6 7. Be2 Bf5 8. 0-0 Rc8 9. Ne5 Qd6 10. Nxc6 Rxc6 11. Bd3 Bxd3 12. Qxd3 e6 13. f3 Be7 14. e4 Qd8 15. e5 Nd7 16. f4 f5 17. Rf3 0-0 18. Rh3 Qb6 19. Kh1 Rf7 20. b3 Bb4 21. Ne2 Qb5 22. Qxb5 axb5 23. a3 Ba5 24. Ra2 Rf8 25. Rd3 Rfc8 26. Be3 Rc2 27. Rxc2 Rxc2 28. Ng1 Bd8 29. h3 Be7 30. a4 bxa4 31. bxa4 Nb6 32. Nf3 Nxa4 33. Rb3 Rb2 34. Rd3 b5 35. g4 g6 36. gxf5 gxf5 37. Bc1 Rb1 38. Rd1 Rb3 39. Kg2 Nb6 40. Rd2 Nc4 41. Ra2 Rb1 42. Ra7 Kf8 43. Ra8+ Kf7 44. Ra7 h6 45. Rb7 b4 46. Ne1 Rxc1 47. Kf2 Rc3 48. Ke2 b3 49. Kd1 b2 50. Nc2 b1Q+ 51. Rxb1 Rxc2 52. Kxc2 Na3+ 53. Kb2 Nxb1 54. Kxb1 Bh4 0-1

[Event "Ruhrgebiet Verbandsliga2 1213"]
[Site "Nordrheinwestfalen"]
[Date "2012.09.02"]
[Round "1.2"]
[White "Kuipers, Dustin"]
[Black "Nattermueller, Mathias"]
[Result "1-0"]
[WhiteElo "2009"]
[BlackElo "1940"]
[PlyCount "79"]
[EventDate "2012.09.02"]
[EventType "team-tourn"]
[EventRounds "9"]
[EventCountry "GER"]
[SourceTitle "EXT 2020"]
[Source "ChessBase"]
[SourceDate "2019.10.17"]
[SourceVersion "1"]
[SourceVersionDate "2019.10.17"]
[SourceQuality "1"]
[WhiteTeam "Muelheim Nord III"]
[BlackTeam "Ahlen SV II"]
[WhiteTeamCountry "GER"]
[BlackTeamCountry "GER"]

1. e4 c5 2. Nf3 e6 3. d4 cxd4 4. Nxd4 a6 5. Be2 Nf6 6. Bf3 Qc7 7. 0-0 Bd6 8. h3 Nc6 9. Nc3 Bh2+ 10. Kh1 Be5 11. Be3 h5 12. Nxc6 bxc6 13. Bd4 g5 14. Be2 Rb8 15. Rb1 c5 16. Bxe5 Qxe5 17. f4 gxf4 18. Qd2 Nxe4 19. Nxe4 Qxe4 20. Rxf4 Qe5 21. Rbf1 Rh7 22. Bd3 Rg7 23. Rxf7 Rxf7 24. Bg6 Kd8 25. Rxf7 Kc7 26. b3 Qa1+ 27. Kh2 Rb6 28. Bxh5 Qe5+ 29. Qf4 Qxf4+ 30. Rxf4 d5 31. Rf7+ Kd6 32. Kg3 Ke5 33. Rc7 Bb7 34. Rxc5 Kd4 35. Rc7 e5 36. a4 Ke3 37. Bf7 e4 38. h4 Bc6 39. h5 d4 40. h6 1-0

[Event "Oberliga NRW 1011"]
[Site "Germany"]
[Date "2011.03.13"]
[Round "8.8"]
[White "Andersen, Hans Christoph"]
[Black "Kuipers, Dustin"]
[Result "1/2-1/2"]
[WhiteElo "2205"]
[BlackElo "2082"]
[PlyCount "44"]
[EventDate "2010.09.26"]
[EventType "team-tourn"]
[EventRounds "9"]
[EventCountry "GER"]
[SourceTitle "EXT 2012"]
[Source "ChessBase"]
[SourceDate "2011.11.24"]
[SourceVersion "1"]
[SourceVersionDate "2011.11.24"]
[SourceQuality "1"]
[WhiteTeam "Godesberg"]
[BlackTeam "Muelheim Nord II"]
[WhiteTeamCountry "GER"]
[BlackTeamCountry "GER"]

1. d4 d5 2. c4 c6 3. Nf3 Nf6 4. e3 g6 5. Nc3 Bg7 6. Bd3 0-0 7. 0-0 Nbd7 8. cxd5 cxd5 9. b3 Nb8 10. Bb2 Bg4 11. h3 Bxf3 12. Qxf3 Nc6 13. Qe2 Nb4 14. Bb1 Qd7 15. Na4 Rfc8 16. Nc5 Qc7 17. Rc1 Nc6 18. Bd3 Nd7 19. f4 Nxc5 20. Rxc5 e6 21. Rac1 Bf8 22. R5c3 Bb4 1/2-1/2

[Event "Ruhrgebiet Verbandsliga2 1011"]
[Site "Nordrheinwestfalen"]
[Date "2011.02.06"]
[Round "6.8"]
[White "Kuipers, Dustin"]
[Black "Nattermueller, Irina"]
[Result "1-0"]
[WhiteElo "2001"]
[BlackElo "2013"]
[PlyCount "81"]
[EventDate "2010.09.12"]
[EventType "team-tourn"]
[EventRounds "9"]
[EventCountry "GER"]
[SourceTitle "EXT 2020"]
[Source "ChessBase"]
[SourceDate "2019.10.17"]
[SourceVersion "1"]
[SourceVersionDate "2019.10.17"]
[SourceQuality "1"]
[WhiteTeam "Muelheim Nord III"]
[BlackTeam "Ahlen SV"]
[WhiteTeamCountry "GER"]
[BlackTeamCountry "GER"]

1. Nc3 c5 2. e4 Nc6 3. Nf3 e6 4. d4 cxd4 5. Nxd4 d6 6. Be2 Nf6 7. 0-0 Be7 8. Nb3 0-0 9. Be3 a6 10. a4 b6 11. f4 Qc7 12. Bf3 Bb7 13. Qe2 Nd7 14. Rfd1 Rac8 15. Rd2 Nb4 16. Rad1 Rfd8 17. Qf2 Ba8 18. h4 Rb8 19. h5 h6 20. Qg3 Kh7 21. Nd4 Nc6 22. f5 Nxd4 23. Bxd4 Bg5 24. fxe6 fxe6 25. Bg4 Nf8 26. Rf2 Qe7 27. Qd3 e5 28. Be3 Ne6 29. Bxe6 Qxe6 30. Bxg5 hxg5 31. Qxa6 Qg4 32. Qe2 Qh4 33. Rf7 g4 34. Qf2 Qxh5 35. Qf5+ Qxf5 36. Rxf5 Kg6 37. Rf2 Kg5 38. Rf7 Rb7 39. Rf5+ Kh4 40. Kf2 g3+ 41. Kf3 1-0